000 00404nam a2200157Ia 4500
008 151213s9999 xx 000 0 und d
020 _a978-81-317-2468-2
100 _aSafa O. Kanap
245 _aOptoelectronic & Photonics (with CD)
_cSafa O. Kanap
260 _aNew Delhi
_bPearson
_c2009
300 _a7394 p.
650 _aTextiles
650 _aTextiles
700 _aSafa O. Kanap
999 _c3932
_d3932